000 00428nam a2200181Ia 4500
001 10106
005 20260306161807.0
008 260306t1990||||xx |||||||||||||| ||spa||
041 _aESP
082 _aPL 891.85
_bP668
100 _aPotocki, Jan
_eAUT
245 0 _aManuscrito encontrado en Zaragoza
260 _c1990
300 _a604 páginas :
_c23 cm.
650 _aGEN
654 _aCHU
942 _cLIB
_dJUS
_fJUS
_2ddc
_n
999 _c10106
_d10106